Biggest Aura Farmers in Fiction - Statistics

General Stats
  • This quiz has been taken 14 times
  • The average score is 11 of 16
Answer Stats
Picture Answer % Correct
Batman
92%
Darth Vader
92%
John Wick
92%
Optimus Prime
92%
Superman
92%
Master Chief
67%
Piccolo
67%
Doomslayer
58%
Ghost
58%
Satoru Gojo
58%
Sukuna
58%
Itachi
50%
Madara
50%
Obito
50%
Pain
50%
Escanor
42%
No matching quizzes found
Score Distribution
Percent of People with Each Score
Percentile by Number Answered
Your Score History
You have not taken this quiz